Kiskúnmajsa gazdaságtörténete

Elmentve itt :
Bibliográfiai részletek
Szerző: Takács István
Dokumentumtípus: Cikk
Megjelent: 1946
Sorozat:Az Alföldi Tudományos Intézet évkönyve
Kulcsszavak:Kiskunmajsa története, Gazdaságtörténet - Magyarország - regionális
Tárgyszavak:
Online Access:http://acta.bibl.u-szeged.hu/50401
LEADER 00730nab a2200193 i 4500
001 acta50401
005 20250324145605.0
008 180704s1946 hu o 000 hun d
040 |a SZTE Egyetemi Kiadványok Repozitórium  |b hun 
041 |a hun 
100 1 |a Takács István 
245 1 0 |a Kiskúnmajsa gazdaságtörténete  |h [elektronikus dokumentum] /  |c  Takács István 
260 |c 1946 
300 |a 251-267 
490 0 |a Az Alföldi Tudományos Intézet évkönyve 
650 4 |a Bölcsészettudományok 
650 4 |a Történettudomány és régészet 
695 |a Kiskunmajsa története, Gazdaságtörténet - Magyarország - regionális 
856 4 0 |u http://acta.bibl.u-szeged.hu/50401/1/alfoldi_tud_001_251-267.pdf  |z Dokumentum-elérés